<?xml version="1.0" encoding="UTF-8"?>
<collection xmlns:xsi="http://www.w3.org/2001/XMLSchema-instance" xsi:schemaLocation="http://www.loc.gov/MARC21/slim http://www.loc.gov/standards/marcxml/schema/MARC21slim.xsd" xmlns="http://www.loc.gov/MARC21/slim">
 <record>
  <leader>00000cam a22000004a 4500</leader>
  <controlfield tag="001">UP-99796217607537576</controlfield>
  <controlfield tag="003">Buklod</controlfield>
  <controlfield tag="005">20230503092542.0</controlfield>
  <controlfield tag="006">m    |o  d |      </controlfield>
  <controlfield tag="007">ta</controlfield>
  <controlfield tag="008">080210s1978    xx      r    |||| u|tag d</controlfield>
  <datafield tag="035" ind1=" " ind2=" ">
   <subfield code="a">(iLib)UPD-00000479830</subfield>
  </datafield>
  <datafield tag="040" ind1=" " ind2=" ">
   <subfield code="a">DMLSP</subfield>
  </datafield>
  <datafield tag="041" ind1=" " ind2=" ">
   <subfield code="a">tag</subfield>
  </datafield>
  <datafield tag="090" ind1=" " ind2=" ">
   <subfield code="a">FOR REVISION</subfield>
   <subfield code="b">B4F-6</subfield>
  </datafield>
  <datafield tag="100" ind1="1" ind2=" ">
   <subfield code="a">Landicho, Domingo G.</subfield>
  </datafield>
  <datafield tag="245" ind1="1" ind2="0">
   <subfield code="a">Anakpawis at iba pang tula.</subfield>
  </datafield>
  <datafield tag="264" ind1=" " ind2="1">
   <subfield code="a">s.l.</subfield>
   <subfield code="b">s.n.</subfield>
   <subfield code="c">1978</subfield>
  </datafield>
  <datafield tag="300" ind1=" " ind2=" ">
   <subfield code="a">90 leaves</subfield>
  </datafield>
  <datafield tag="490" ind1="1" ind2=" ">
   <subfield code="a">Domingo G. Landicho collection</subfield>
  </datafield>
  <datafield tag="500" ind1=" " ind2=" ">
   <subfield code="a">Typescript (original)</subfield>
  </datafield>
  <datafield tag="500" ind1=" " ind2=" ">
   <subfield code="a">Alagad ng sining.--Alay.--Anakpawis.--Ang aral sa Biyetnam.--Ay, salamat Poon at si Tecla ang aming anak.--Ang batang hubo sa harap ng simbahan.--Bilog na guhit.--Bugtong ng karalitaan.--Bugtong sa aming panahon.--Buwan ng taggutom.--Dalawang haligi.--Dalawang mukha ng gabi.--Estydanting aso sa universidad.--Ang gabi sa laot.--Hindi ninyo kilala ang aming usapin.--Ideyolohiya ng pag-ibig.--Inang.--Ito ang panahon ng mga sanggol.--Ang kaluluwa ng munting dahon sa sining ni Ibarra dela Rosa.--Kamatayan sa isang magsasaka.--Kamatayan sa lunsod.--Kamusmusan sa kubakob.--Kapag naglihi ang palay.--Kapirasong lupa.--Karpintero.--Ang kano, aso at Pilipino.--Katubusan.--Krispin.--Ang kuwento ng kalabaw ni Ka Anto isang araw sa tahimik na pastulan.--Kuwento ni Nanay.--Maganda si Cherrie.--Ang makatang taga Sierra Leone mula sa makatang Pilipino.--Mga alaala.--Muling pagsilang.--Oyayi.--Pagkatapos ng unos.--Paglalakbay.--Paglipas ng sigwa.--Pagsamba.--Pagsilang ng isang tula.--Panganorin ng kamatayan at buhay ng Pilipino sa dambanang niyebe.--Ang pangarap ng ita.--Ang pangkaraniwang tao.--Pautang ng isang gatang na bigas.--Ang payat na paslit sa tabi ng unang ginang.--Pista sa aming nayon.--Sa bagwis na bakal.--Sa sinapupunan ng unos.--Saan tayo patutungon--Sambalilong buli.--Tagapag-alaga.--Tagapaglinis.--Takipsilim sa nayon.--Tala sa pagitan ng bundok at langit.--Tatlong mukha ng dusa.--Umaga ng isang alila.</subfield>
  </datafield>
  <datafield tag="655" ind1=" " ind2="0">
   <subfield code="a">Tagalog poetry.</subfield>
  </datafield>
  <datafield tag="842" ind1=" " ind2=" ">
   <subfield code="a">Book</subfield>
  </datafield>
  <datafield tag="905" ind1=" " ind2=" ">
   <subfield code="a">SP</subfield>
  </datafield>
  <datafield tag="950" ind1=" " ind2=" ">
   <subfield code="a">Textual</subfield>
  </datafield>
  <datafield tag="852" ind1="0" ind2=" ">
   <subfield code="a">UPD</subfield>
   <subfield code="b">DMLSP</subfield>
   <subfield code="h">FOR REVISION B4F-6</subfield>
  </datafield>
  <datafield tag="942" ind1=" " ind2=" ">
   <subfield code="a">Book</subfield>
  </datafield>
 </record>
</collection>
